| 000 | 00976nam a22002897a 4500 | ||
|---|---|---|---|
| 001 | 751 | ||
| 005 | 20230705154606.0 | ||
| 008 | 230705b cb ||||| |||| 00| 0 eng d | ||
| 020 | _a0670200417 | ||
| 040 |
_aDLC _cDLC _dDLC _beng |
||
| 050 | 0 | 0 |
_aPZ7.A2615 _bCao 1980 |
| 082 | 0 | 0 | _a[Fic] |
| 100 | 1 | _aAdler, David A. | |
| 245 | 1 | 0 |
_aCam Jansen and the mystery of the U.F.O. / _cDavid A. Adler ; illustrated by Susanna Natti. |
| 250 | _a1st ed. | ||
| 260 |
_aNew York : _bScholastic, _c1980. |
||
| 300 |
_a58 pages : _billustrations ; _c20 cm. |
||
| 490 | 1 | _aA Cam Jansen adventure ; | |
| 505 | _aO | ||
| 520 | _aTen-year-old Cam, possessor of a photographic memory, and her friend Eric investigate what seems to be a brief appearance of U.F.O.s. | ||
| 521 |
_a600
_bLexile |
||
| 521 |
_aO
_bRaz-Plus |
||
| 650 | 1 | _aMystery and detective stories. | |
| 700 | 1 | _aNatti, Susanna. | |
| 906 |
_a7 _bcbc _corignew _d1 _eocip _f19 _gy-gencatlg |
||
| 942 |
_2ddc _cBK _n0 |
||
| 999 |
_c751 _d751 |
||